书目信息 |
| 题名: |
闲情偶寄
|
|
| 作者: | 李渔 撰 ;胡明伟 选注 | |
| 分册: | ||
| 出版信息: | 北京 北京燕山出版社 2009.01 |
|
| 页数: | 237页 | |
| 开本: | 23cm | |
| 丛书名: | 历代笔记英华 | |
| 单 册: | ||
| 中图分类: | I264.9 | |
| 科图分类: | ||
| 主题词: | 杂文--za wen--中国--清代--选集 | |
| 电子资源: | ||
| ISBN: | 978-7-5402-0338-2 | |
| 000 | 00911nam 2200277 450 | |
| 001 | 012008765097 | |
| 005 | 20100408111917.17 | |
| 010 | @a978-7-5402-0338-2@dCNY30.00 | |
| 100 | @a20100408d2009 em y0chiy0120 ea | |
| 101 | 0 | @achi |
| 102 | @aCN@b110000 | |
| 105 | @ay z 000cy | |
| 106 | @ar | |
| 200 | 1 | @a闲情偶寄@Axian qing ou ji@f(清) 李渔撰@F(qing)li yu zhuan@g胡明伟选注@Ghu ming wei xuan zhu |
| 205 | @a第2版 | |
| 210 | @a北京@c北京燕山出版社@d2009.01 | |
| 215 | @a237页@d23cm | |
| 225 | 2 | @a历代笔记英华@Ali dai bi ji ying hua |
| 330 | @a本书主要内容包括:立主脑,密针线,减猪头,戒荒唐,审虚实,贵显浅,重机趣,忌填塞,恪守词韵,鱼模曲谱等。 | |
| 410 | 0 | @12001 @a历代笔记英华 |
| 606 | 0 | @a杂文@Aza wen@y中国@z清代@j选集 |
| 690 | @aI264.9@v4 | |
| 701 | 0 | @a李渔@Ali yu@4撰 |
| 702 | 0 | @a胡明伟@Ahu ming wei@4选注 |
| 801 | 0 | @aCN@bQSSK@c20100408 |
| 905 | @b776057-59@dI264.9@eL328@f3 | |
| 闲情偶寄/(清) 李渔撰/胡明伟选注.-第2版.-北京:北京燕山出版社,2009.01 |
| 237页;23cm.-(历代笔记英华) |
| ISBN 978-7-5402-0338-2:CNY30.00 |
| 本书主要内容包括:立主脑,密针线,减猪头,戒荒唐,审虚实,贵显浅,重机趣,忌填塞,恪守词韵,鱼模曲谱等。 |
| ● |
| 相关链接 |
|
|
|
正题名:闲情偶寄
索取号:I264.9/L328
 
预约/预借
| 序号 | 登录号 | 条形码 | 馆藏地/架位号 | 状态 | 备注 |
| 1 | 776057 | 207760573 | 社科二线400B/400B社科库 9排3列5层/ [索取号:I264.9/L328] | 在馆 | |
| 2 | 776058 | 207760582 | 社科二线400B/400B社科库 9排3列5层/ [索取号:I264.9/L328] | 在馆 | |
| 3 | 776059 | 207760591 | 社科二线400B/400B社科库 9排3列5层/ [索取号:I264.9/L328] | 在馆 |